ESSENTIAL OF PARIODONTOLOGY &PERIODONTICS (Record no. 3176)

MARC details
000 -LEADER
fixed length control field 00379nam a2200145Ia 4500
008 - FIXED-LENGTH DATA ELEMENTS--GENERAL INFORMATION
fixed length control field 150201s1981 xx 000 0 und d
082 ## - DEWEY DECIMAL CLASSIFICATION NUMBER
Classification number 617.632
Item number E1981T
100 ## - MAIN ENTRY--PERSONAL NAME
Personal name TORQUIL MACPHEE
245 ## - TITLE STATEMENT
Title ESSENTIAL OF PARIODONTOLOGY &PERIODONTICS
250 ## - EDITION STATEMENT
Edition statement 3RD
260 ## - PUBLICATION, DISTRIBUTION, ETC. (IMPRINT)
Name of publisher, distributor, etc. BLACKWELL SCIENCE PUB.
Place of publication, distribution, etc. EDINBURGH
Date of publication, distribution, etc. 1981
300 ## - PHYSICAL DESCRIPTION
Extent 1-328
650 ## - SUBJECT ADDED ENTRY--TOPICAL TERM
Topical term or geographic name as entry element PERIODONTICS
942 ## - ADDED ENTRY ELEMENTS (KOHA)
Source of classification or shelving scheme Dewey Decimal Classification
Koha item type Books
Holdings
Withdrawn status Lost status Source of classification or shelving scheme Damaged status Not for loan Home library Current library Date acquired Source of acquisition Cost, normal purchase price Serial Enumeration / chronology SGTU Bill Number Total Checkouts Full call number Barcode Date last seen Bill Date Koha item type
    Dewey Decimal Classification     SGT Dental Library SGT Dental Library 10/03/2005 U.B.S.DELHI 600.00 1 SGTU 1305   617.632 E1981T FD3153 09/02/2015 13/04/2012 Books
    Dewey Decimal Classification     SGT Dental Library SGT Dental Library 10/03/2005 U.B.S.DELHI 600.00 1 SGTU 1305   617.632 E1981T FD3154 01/09/2018 13/04/2012 Books
    Dewey Decimal Classification     SGT Dental Library SGT Dental Library 10/03/2005 U.B.S.DELHI 600.00 1 SGTU 1305   617.632 E1981T FD3155 09/02/2015 13/04/2012 Books
    Dewey Decimal Classification     SGT Dental Library SGT Dental Library 10/03/2005 U.B.S.DELHI 600.00 1 SGTU 1305   617.632 E1981T FD3156 09/02/2015 13/04/2012 Books
    Dewey Decimal Classification     SGT Dental Library SGT Dental Library 10/03/2005 U.B.S.DELHI 600.00 1 SGTU 1305   617.632 E1981T FD3157 09/02/2015 13/04/2012 Books